000 00350nam a2200121 a 4500
005 20140414093846.0
008 100219s19uu xx uuu eng d
050 _aVCD 375.41
_bIMP 2002
245 _aImplementing a reading program in secondary schools.
650 _aCurriculum planning (Reading)
_xUnited States.
942 _cAVM
999 _c109620
_d109620